Loading...
| Fine Arts - Auditory | 1 | 2 | 0 | 1 | 35 | 56 | 90.33 | 0 | 3 | 0.00 | 0.00 |
| Fine Arts - Visual | 0 | 3 | 0 | 1 | 30 | 100 | 112.67 | 0 | 0 | 0.00 | 0.00 |
| History - European | 1 | 1 | 0 | 0 | 25 | 65 | 85.00 | 1 | 1 | 0.00 | 0.00 |
| Geography | 1 | 1 | 0 | 0 | 25 | 54 | 75.50 | 0 | 2 | 0.00 | 0.00 |
| History - Other | 1 | 1 | 1 | 1 | 20 | 70 | 101.50 | 1 | 1 | 0.00 | 0.00 |
| History - American | 0 | 2 | 0 | 0 | 20 | 80 | 89.00 | 1 | 1 | 0.00 | 0.00 |
| History - World | 0 | 2 | 0 | 0 | 20 | 89 | 92.50 | 0 | 1 | 0.00 | 0.00 |
| Science - Other | 1 | 0 | 0 | 0 | 15 | 42 | 42.00 | 1 | 1 | 0.00 | 0.00 |
| Literature - American | 0 | 1 | 0 | 1 | 10 | 138 | 138.00 | 1 | 1 | 0.00 | 0.00 |
| Other Academic | 0 | 0 | 1 | 0 | -5 | 0.00 | 0 | 0 | 0.00 | 0.00 | |
| Religion | 0 | 0 | 1 | 0 | -5 | 0.00 | 0 | 0 | 0.00 | 0.00 |